000
00340nam a2200145 a 4500
005
20140414093831.0
008
030619s19uu xx 00 eng d
050
_a
CDR 004.5
_b
PC n.d.
100
_a
Symantec
245
_a
PCAnywhere. Volume 10 /
_c
Symantec.
520
_a
CD-ROM
650
_a
CD-ROM.
942
_c
AVM
999
_c
108734
_d
108734